[Event "Indywidualne Mistrzostwa Polski do lat 20"]
[Site "Pokrzywna"]
[Date "1899-12-30"]
[Round "9.4"]
[White "Szpar, Milosz"]
[Black "Mis, Mieszko"]
[Result "0-1"]
[WhiteTitle "FM"]
[BlackTitle "FM"]
[WhiteElo "2449"]
[BlackElo "2358"]

1. e4 c5 2. Nf3 e6 3. d4 cxd4 4. Nxd4 Nc6 5. Nc3 Qc7 6. g4 a6 7. h4 b5 8. Nxc6
Qxc6 9. a3 Bc5 10. Bg2 Bb7 11. h5 h6 12. Bf4 d6 13. g5 e5 14. Bd2 Ne7 15. Qg4
Bc8 16. Qf3 hxg5 17. Bxg5 Bd4 18. Bd2 Be6 19. Qg3 Rc8 20. Rc1 Kd7 21. Nd1 Rh7
22. c3 Bb6 23. Ne3 Rch8 24. Qf3 Bxe3 25. Bxe3 f5 26. Bg5 Qxe4+ 27. Qxe4 fxe4 28.
Bxe7 Kxe7 29. Bxe4 Rxh5 30. Rxh5 Rxh5 31. Kd2 Rh2 32. Ke3 Rh3+ 33. Kd2 d5 34.
Bh1 Kf6 35. Rg1 Bf5 36. Bg2 Rd3+ 37. Ke2 e4 38. Ra1 d4 39. cxd4 Rb3 40. Rc1 Rxb2+
41. Kf1 Rb3 42. Rc6+ Kg5 43. Rxa6 Rb1+ 44. Ke2 Kf4 45. Ra7 g6 46. Re7 Rg1 47.
Bf1 Bg4+ 48. f3 exf3+ 49. Kf2 Rh1 50. Rf7+ Bf5 51. d5 Rh2+ 52. Ke1 Ke3 53. d6
f2+ 54. Kd1 Rh1 55. Re7+ Kf3 0-1

[Event "Indywidualne Mistrzostwa Polski do lat 20"]
[Site "Pokrzywna"]
[Date "1899-12-30"]
[Round "9.5"]
[White "Kosakowski, Jakub"]
[Black "Ochedzan, Tymon"]
[Result "1-0"]
[WhiteTitle "IM"]
[BlackTitle "CM"]
[WhiteElo "2431"]
[BlackElo "2246"]

1. e4 c5 2. Nf3 d6 3. d4 cxd4 4. Nxd4 Nf6 5. Nc3 a6 6. h3 e5 7. Nde2 b5 8. Ng3
Be6 9. Bg5 Nbd7 10. Nh5 Qa5 11. Bxf6 Nxf6 12. Nxf6+ gxf6 13. a4 b4 14. Nd5 f5
15. Nf6+ Kd8 16. exf5 Bxf5 17. Bc4 Ra7 18. O-O Qc5 19. b3 Be7 20. Qf3 Bg6 21.
Rad1 Kc8 22. Qg4+ Kd8 23. Qf3 Rf8 24. Rd5 Qc7 25. Rfd1 Kc8 26. R5d2 Qb7 27. Qg4+
Kd8 28. Rxd6+ Bxd6 29. Rxd6+ Ke7 30. Re6+ Kd8 31. Qd1+ Kc8 32. Qd6 Rd8 33. Qc5+
Kb8 34. Rb6 Rc8 35. Qxe5+ Rc7 36. Nd7+ Kc8 37. Qe8# 1-0

[Event "Indywidualne Mistrzostwa Polski do lat 20"]
[Site "Pokrzywna"]
[Date "1899-12-30"]
[Round "9.6"]
[White "Godzwon, Iwo"]
[Black "Psyk, Radoslaw"]
[Result "0-1"]
[WhiteTitle "FM"]
[BlackTitle "k++"]
[WhiteElo "2347"]
[BlackElo "2375"]

1. e4 e5 2. Nf3 Nc6 3. Bb5 a6 4. Ba4 Nf6 5. O-O Be7 6. Re1 b5 7. Bb3 d6 8. c3 O-O
9. h3 Nb8 10. d4 Nbd7 11. c4 Bb7 12. Nc3 c6 13. a3 Re8 14. Ba2 h6 15. b4 bxc4
16. Bxc4 d5 17. exd5 cxd5 18. Ba2 e4 19. Ne5 Bd6 20. Nxd7 Qxd7 21. Na4 Qf5 22.
Be3 g5 23. f3 Re7 24. Nc5 Bc6 25. Rc1 exf3 26. Qxf3 Qxf3 27. gxf3 Rae8 28. Bf2
Re2 29. Bb1 Nh5 30. Bd3 Ra2 31. Rxe8+ Bxe8 32. Nxa6 Nf4 33. Bf1 Bd7 34. h4 Rxa3
35. b5 Bh3 36. hxg5 hxg5 37. Rb1 Bxf1 38. Kxf1 Rxf3 39. b6 Nh3 40. Rb2 g4 41.
b7 g3 42. b8=Q+ Bxb8 43. Rxb8+ Kg7 44. Kg2 gxf2 45. Rb1 Rf6 0-1

[Event "Indywidualne Mistrzostwa Polski do lat 20"]
[Site "Pokrzywna"]
[Date "1899-12-30"]
[Round "9.7"]
[White "Kozak, Antoni"]
[Black "Klimkowski, Jan"]
[Result "1-0"]
[WhiteTitle "m"]
[BlackTitle "FM"]
[WhiteElo "2375"]
[BlackElo "2305"]

1. d4 Nf6 2. Nf3 e6 3. e3 c5 4. Bd3 Nc6 5. b3 d5 6. O-O Bd6 7. Bb2 cxd4 8. exd4
Qc7 9. a3 O-O 10. Nbd2 e5 11. dxe5 Nxe5 12. Nxe5 Bxe5 13. Bxe5 Qxe5 14. Nf3 Qc3
15. Qd2 Qxd2 16. Nxd2 Bg4 17. h3 Bh5 18. f4 d4 19. g4 Bxg4 20. hxg4 Nxg4 21. Nf3
Rad8 22. Rae1 Ne3 23. Rf2 Rfe8 24. Rfe2 Kf8 25. f5 Re7 26. Nxd4 Nd5 27. Rxe7 Nxe7
28. f6 gxf6 29. Nf3 Ng6 30. Kf2 h5 31. Re4 Rd7 32. Kg3 b6 33. Rd4 Re7 34. Nh4
Re5 35. Nf5 Re8 36. Rd7 h4+ 37. Kh3 a5 38. Rb7 Rd8 39. Rxb6 1-0

[Event "Indywidualne Mistrzostwa Polski do lat 20"]
[Site "Pokrzywna"]
[Date "1899-12-30"]
[Round "9.8"]
[White "Sowinski, Pawel"]
[Black "Czernek, Tymon"]
[Result "1/2-1/2"]
[WhiteTitle "I++"]
[BlackTitle "FM"]
[WhiteElo "1767"]
[BlackElo "2359"]

1. c4 e5 2. Nc3 Nf6 3. g3 c6 4. d4 d6 5. Bg2 Be7 6. e4 O-O 7. Nge2 a6 8. O-O b5
9. cxb5 axb5 10. b4 Nbd7 11. f4 Bb7 12. h3 exd4 13. Nxd4 c5 14. Nc2 cxb4 15. Nxb4
Qc8 16. Ncd5 Nxd5 17. Nxd5 Bxd5 18. Qxd5 Qc3 19. Bd2 Qxg3 20. e5 Rad8 21. Rf3
Qh4 22. Ba5 Rc8 23. exd6 Bd8 24. Qxb5 Rc5 25. Qxd7 Rxa5 26. a4 Qf6 27. Rd1 Qb2
28. Kh1 Rc5 29. Re1 Bh4 30. Re8 Rc1+ 31. Rf1 g6 32. Rxf8+ Kxf8 33. Qb5 Qxb5 34.
axb5 Rxf1+ 35. Bxf1 Bg3 36. b6 Bxf4 37. d7 Ke7 38. Bb5 Bb8 39. Kg2 f5 40. h4 h6
41. Kf3 Bd6 42. Ke4 1/2-1/2

[Event "Indywidualne Mistrzostwa Polski do lat 20"]
[Site "Pokrzywna"]
[Date "1899-12-30"]
[Round "9.9"]
[White "Kowalski, Igor"]
[Black "Chyzy, Jakub"]
[Result "1-0"]
[WhiteTitle "FM"]
[BlackTitle "FM"]
[WhiteElo "2355"]
[BlackElo "2250"]

1. d4 Nf6 2. Nf3 e6 3. e3 d5 4. Nbd2 c5 5. b3 Nc6 6. Bb2 Be7 7. Bd3 O-O 8. O-O
b6 9. a3 Bb7 10. Qe2 Rc8 11. Rad1 Qc7 12. dxc5 bxc5 13. c4 Rfd8 14. cxd5 exd5
15. e4 dxe4 16. Nxe4 Nd4 17. Nxd4 cxd4 18. Ng3 Qc6 19. f4 Bc5 20. b4 Bb6 21. Rc1
Qd5 22. Nf5 Qxf5 23. Bxf5 d3+ 24. Qf2 Rxc1 25. Rxc1 d2 26. Rd1 Be4 27. Bxf6 gxf6
28. Bxe4 Re8 29. Qxb6 1-0

[Event "Indywidualne Mistrzostwa Polski do lat 20"]
[Site "Pokrzywna"]
[Date "1899-12-30"]
[Round "9.10"]
[White "Redzisz, Michal"]
[Black "Karpus, Michal"]
[Result "1-0"]
[WhiteTitle "k"]
[BlackTitle "FM"]
[WhiteElo "2212"]
[BlackElo "2311"]

1. c4 Nf6 2. Nf3 g6 3. d4 Bg7 4. g3 O-O 5. Bg2 d5 6. cxd5 Nxd5 7. O-O Nb6 8. Nc3
Nc6 9. d5 Na5 10. Qc2 e6 11. dxe6 Bxe6 12. Rd1 Qe8 13. Qe4 Nc6 14. Qh4 Bf5 15.
g4 Bd7 16. Ng5 h6 17. Nge4 Qe7 18. g5 Be6 19. Nf6+ Kh8 20. Nce4 Nd7 21. b3 Rfd8
22. Bb2 Nce5 23. f4 Ng4 24. Nxg4 Bxb2 25. Qxh6+ Kg8 26. Rxd7 1-0

[Event "Indywidualne Mistrzostwa Polski do lat 20"]
[Site "Pokrzywna"]
[Date "1899-12-30"]
[Round "9.11"]
[White "Baum, Jonasz"]
[Black "Trybus, Daniel"]
[Result "0-1"]
[WhiteTitle "IM"]
[BlackTitle "I++"]
[WhiteElo "2308"]
[BlackElo "2125"]

1. e4 c5 2. Nf3 d6 3. d4 cxd4 4. Qxd4 Nc6 5. Bb5 Bd7 6. Bxc6 Bxc6 7. Nc3 Nf6 8.
Bg5 e6 9. O-O-O Be7 10. Rhe1 O-O 11. Kb1 Qa5 12. Qd2 h6 13. Nd5 Qd8 14. Nxe7+
Qxe7 15. Bh4 Rfc8 16. Qf4 Ba4 17. b3 Qc7 18. Rc1 Nh5 19. Qe3 Qa5 20. bxa4 Rc3
21. Qd4 Rac8 22. Re3 Nf4 23. Rxc3 Rxc3 24. Bd8 b6 25. Re1 e5 26. Qd2 Nxg2 27.
Rg1 Nf4 28. Qxd6 Rxf3 29. Bf6 Ng6 30. Be7 Qxa4 31. Qb4 Qxb4+ 32. Bxb4 Rxf2 33.
Rd1 Rxh2 34. Rd8+ Kh7 35. Rd7 a5 36. Bc3 Rf2 37. Rd6 Rf6 38. Rxf6 gxf6 39. a4
h5 40. Be1 h4 41. Kb2 h3 42. Bg3 Nh4 0-1

[Event "Indywidualne Mistrzostwa Polski do lat 20"]
[Site "Pokrzywna"]
[Date "1899-12-30"]
[Round "9.12"]
[White "Seemann, Jakub"]
[Black "Krawczyk, Flawian"]
[Result "1-0"]
[WhiteTitle "FM"]
[BlackTitle "I"]
[WhiteElo "2306"]
[BlackElo "2073"]

1. c4 Nf6 2. Nc3 g6 3. d4 Bg7 4. g3 O-O 5. Bg2 d6 6. Nf3 Nbd7 7. O-O e5 8. e4 exd4
9. Nxd4 Nc5 10. h3 Re8 11. Re1 a5 12. Ndb5 Bd7 13. Bf4 Bc6 14. Qc2 Nfd7 15. Rad1
Ne6 16. Be3 h5 17. h4 b6 18. f4 Qc8 19. Nd5 Bxb5 20. cxb5 Ra7 21. e5 dxe5 22.
f5 gxf5 23. Qxf5 Qd8 24. Rf1 Re7 25. Be4 Nef8 26. Bg5 f6 27. Nxf6+ Bxf6 28. Bxf6
1-0

[Event "Indywidualne Mistrzostwa Polski do lat 20"]
[Site "Pokrzywna"]
[Date "1899-12-30"]
[Round "9.13"]
[White "Luberanski, Jakub"]
[Black "Sernecki, Franciszek"]
[Result "1/2-1/2"]
[WhiteTitle "k"]
[BlackTitle "FM"]
[WhiteElo "2125"]
[BlackElo "2266"]

1. e4 c5 2. Nf3 Nc6 3. d4 cxd4 4. Nxd4 g6 5. c4 Nf6 6. Nc3 Nxd4 7. Qxd4 d6 8. Be3
Bg7 9. f3 O-O 10. Qd2 Be6 11. Be2 Qa5 12. Rc1 Rfc8 13. b3 a6 14. Nd5 Qxd2+ 15.
Kxd2 Nxd5 16. cxd5 Bd7 17. Rxc8+ Rxc8 18. Rc1 Rxc1 19. Kxc1 Kf8 20. Kd2 Ke8 21.
a4 e6 22. Bd3 Bb2 23. Kc2 Bf6 24. Kb1 Bc3 25. Bb6 Ke7 26. Kc2 Bf6 27. a5 exd5
28. exd5 Ke8 29. Bc7 Ke7 30. Bb6 Ke8 31. Bc7 1/2-1/2

[Event "Indywidualne Mistrzostwa Polski do lat 20"]
[Site "Pokrzywna"]
[Date "1899-12-30"]
[Round "9.14"]
[White "Kokoszczynski, Jan"]
[Black "Dzwierzynski, Bartosz"]
[Result "1-0"]
[WhiteTitle "FM"]
[BlackTitle "I"]
[WhiteElo "2221"]
[BlackElo "1939"]

1. d4 Nf6 2. c4 g6 3. Nc3 d5 4. cxd5 Nxd5 5. e4 Nxc3 6. bxc3 Bg7 7. Qa4+ c6 8.
Nf3 O-O 9. Be2 Nd7 10. O-O b5 11. Qa3 a6 12. Bg5 Re8 13. Rad1 Nb6 14. Nd2 Qc7
15. Be3 Be6 16. c4 Bxc4 17. Nxc4 Nxc4 18. Bxc4 bxc4 19. Qc5 Qd6 20. Qxc4 e5 21.
d5 cxd5 22. Rxd5 Qe6 23. Rfd1 Rac8 24. Qa4 Rc6 25. h3 h5 26. Qa5 Bf6 27. Rb1 Qc8
28. Rbd1 Qe6 29. Rd7 Re7 30. R7d2 Re8 31. Rd7 Re7 32. R7d3 Re8 33. Kh2 Kg7 34.
Rd5 Kh7 35. Rb1 Qc8 36. Rbd1 Qe6 37. R1d3 Bg7 38. Rd7 Re7 39. Rd8 Re8 40. R8d7
Re7 41. Rd8 Re8 42. Rxe8 Qxe8 43. Rd8 Qe6 44. Ra8 Bf6 45. Qb4 Rc8 46. Ra7 Qxa2
47. Qb7 Re8 48. Rxa6 Re7 49. Qa8 1-0

[Event "Indywidualne Mistrzostwa Polski do lat 20"]
[Site "Pokrzywna"]
[Date "1899-12-30"]
[Round "9.15"]
[White "Meers, Hubert"]
[Black "Fiedorek, Michal"]
[Result "0-1"]
[WhiteTitle "k"]
[BlackTitle "FM"]
[WhiteElo "1986"]
[BlackElo "2176"]

1. e4 c5 2. Nf3 Nc6 3. d4 cxd4 4. Nxd4 Nf6 5. Nc3 d6 6. Bg5 Bd7 7. Bb5 Qb6 8. Bxc6
bxc6 9. Nb3 Ng4 10. Qe2 h6 11. Bd2 Ne5 12. f4 Ng6 13. Be3 Qc7 14. O-O e6 15. Rad1
Be7 16. Qc4 Qb7 17. Bd4 c5 18. Bxg7 Rh7 19. f5 Rxg7 20. f6 Bxf6 21. Rxf6 Ke7 22.
Rxd6 Ne5 23. Nd5+ Qxd5 24. Qxd5 exd5 25. Nxc5 Bh3 26. g3 Ng4 27. Rxh6 Nxh6 28.
Rxh6 Be6 29. Nxe6 fxe6 30. exd5 exd5 31. Ra6 Rf7 32. h4 Rf6 33. Ra5 Rb6 34. b3
Ke6 35. Rc5 Kd6 36. Rc3 Rc6 37. Rxc6+ Kxc6 38. h5 Rh8 39. g4 Rg8 0-1

[Event "Indywidualne Mistrzostwa Polski do lat 20"]
[Site "Pokrzywna"]
[Date "1899-12-30"]
[Round "9.16"]
[White "Warchol, Kamil"]
[Black "Golecki, Jan"]
[Result "1-0"]
[WhiteTitle "CM"]
[BlackTitle "k"]
[WhiteElo "1755"]
[BlackElo "2162"]

1. e4 e5 2. Nf3 Nc6 3. Bc4 Bc5 4. c3 Nf6 5. d3 O-O 6. Nbd2 d6 7. Nf1 Be6 8. Bb3
a5 9. Ng3 Bxb3 10. axb3 d5 11. Bg5 dxe4 12. dxe4 Qxd1+ 13. Rxd1 Ng4 14. O-O h6
15. Bd2 Ra6 16. h3 Nf6 17. Bc1 Rb6 18. Nd2 Kh7 19. Rfe1 g6 20. Ngf1 Nh5 21. Nc4
Ra6 22. Rd5 Ba7 23. Nxe5 Ne7 24. Rd7 Re6 25. Nf3 Rc8 26. e5 b5 27. Ne3 Bxe3 28.
Bxe3 c5 29. Ra1 f6 30. Rxa5 Kg8 31. g4 Nc6 32. Rxb5 Ng7 33. Rxc5 fxe5 34. b4 Rf8
35. Bxh6 Rxf3 36. Rxg7+ Kh8 37. Rc7 Ne7 38. Bg5 Ng8 39. R5c6 Rg3+ 1-0

[Event "Indywidualne Mistrzostwa Polski do lat 20"]
[Site "Pokrzywna"]
[Date "1899-12-30"]
[Round "9.17"]
[White "Suder, Jakub"]
[Black "Starosciak, Szymon"]
[Result "1/2-1/2"]
[WhiteTitle "k"]
[BlackTitle "I"]
[WhiteElo "2239"]
[BlackElo "1864"]

1. d4 d5 2. Bf4 Nf6 3. e3 Bf5 4. c4 e6 5. Nc3 Nbd7 6. Qb3 dxc4 7. Bxc4 Bd6 8. Bxd6
cxd6 9. Qa3 d5 10. Be2 Qe7 11. Qa5 O-O 12. Nf3 a6 13. a3 Rac8 14. O-O Qd6 15.
Rac1 h6 16. Nd2 Rc6 17. Na2 Rfc8 18. Rxc6 Rxc6 19. Rc1 Rxc1+ 20. Nxc1 Qc6 21.
Qc3 Qxc3 22. bxc3 Ne4 23. Nxe4 Bxe4 24. Nb3 Bc2 25. Na5 b5 26. Kf1 Kf8 27. Ke1
Nb8 28. Kd2 Be4 29. f3 Bb1 30. Kc1 Ba2 31. e4 Bc4 32. Bxc4 bxc4 33. Nb7 Ke7 34.
Nc5 Kd6 35. f4 Kc6 36. g4 g6 37. h4 a5 38. f5 exf5 39. gxf5 gxf5 40. exd5+ Kxd5
41. Kd2 Nc6 42. Nd7 1/2-1/2

[Event "Indywidualne Mistrzostwa Polski do lat 20"]
[Site "Pokrzywna"]
[Date "1899-12-30"]
[Round "9.19"]
[White "Klim, Filip"]
[Black "Jarzebowski, Kacper"]
[Result "0-1"]
[WhiteTitle "I++"]
[BlackTitle "k+"]
[WhiteElo "1897"]
[BlackElo "2107"]

1. e4 c5 2. Nf3 a6 3. c4 d6 4. d4 Nf6 5. Nc3 cxd4 6. Nxd4 e6 7. Be2 Nbd7 8. O-O
b6 9. f4 Bb7 10. Bf3 Qc7 11. Qe2 Rc8 12. b3 h5 13. Bd2 Be7 14. Rfe1 Kf8 15. Rac1
Qb8 16. Qf2 Nc5 17. Qf1 Qa8 18. Qe2 g6 19. b4 Ncd7 20. e5 Bxf3 21. Nxf3 dxe5 22.
fxe5 Ng4 23. h3 Nh6 24. Bxh6+ Rxh6 25. Qd2 g5 26. Qxd7 g4 27. hxg4 hxg4 28. Nh2
Rd8 29. Qc7 Bxb4 30. Nxg4 Bc5+ 31. Nf2 Rd2 32. Ne2 Rg6 33. Nf4 Bxf2+ 34. Kf1 Rh6
35. Re2 Rxe2 36. Qd6+ Kg8 37. Kxe2 Qe4+ 38. Kd2 Qxf4+ 39. Kc2 Qxc4+ 40. Kb1 Qe4+
0-1

[Event "Indywidualne Mistrzostwa Polski do lat 20"]
[Site "Pokrzywna"]
[Date "1899-12-30"]
[Round "9.20"]
[White "Dixa, Oskar"]
[Black "Dziewonski, Dariusz"]
[Result "1/2-1/2"]
[WhiteTitle "k"]
[BlackTitle "I++"]
[WhiteElo "2087"]
[BlackElo "1925"]

1. d4 d5 2. c4 e6 3. Nf3 Nf6 4. g3 Be7 5. Bg2 O-O 6. O-O dxc4 7. Qc2 a6 8. a4 Bd7
9. Qxc4 Bc6 10. Bg5 Nbd7 11. Nc3 Nd5 12. Bxe7 Qxe7 13. Nxd5 exd5 14. Qd3 Rfe8
15. e3 a5 16. Rfc1 Qd6 17. b3 Nf6 18. Qc2 Rec8 19. Ne5 Be8 20. Qd2 c6 21. Rc5
Qd8 22. Rc2 Bd7 23. Nxd7 Qxd7 24. Rb2 Qd6 25. b4 axb4 26. Qxb4 Qxb4 27. Rxb4 b5
28. Bf3 g6 29. Bd1 bxa4 30. Raxa4 Rxa4 31. Bxa4 c5 32. dxc5 Rxc5 33. Kf1 Ne4 34.
Rd4 h5 35. Bb3 Nf6 36. Ke2 Kf8 37. Rb4 Rc7 38. Rb5 Ne4 39. Ra5 Rd7 40. f3 Nf6
41. Kd3 Rb7 42. Bxd5 Nxd5 43. Rxd5 Rb2 44. Ke4 Kg7 45. h4 Rb3 46. Kf4 Rb4+ 47.
e4 Rb3 48. Rd7 Rb4 49. Rd3 Kf6 50. g4 hxg4 51. fxg4 Rb5 52. Rd5 Rb4 53. Rd6+ Kg7
54. h5 gxh5 55. gxh5 Rb1 56. h6+ Kh7 57. e5 Rf1+ 58. Kg5 Rg1+ 59. Kf6 Rf1+ 60.
Ke7 Rf5 1/2-1/2

[Event "Indywidualne Mistrzostwa Polski do lat 20"]
[Site "Pokrzywna"]
[Date "1899-12-30"]
[Round "9.21"]
[White "Majek, Kacper"]
[Black "Madajczak, Piotr"]
[Result "1-0"]
[WhiteTitle "I++"]
[BlackTitle "I"]
[WhiteElo "2057"]
[BlackElo "1829"]

1. d4 f5 2. Nf3 Nf6 3. g3 d6 4. Bg2 g6 5. O-O Bg7 6. b3 O-O 7. Bb2 Ne4 8. Nbd2
Nxd2 9. Qxd2 Nc6 10. c4 Qe8 11. d5 Bxb2 12. Qxb2 Nd8 13. e4 fxe4 14. Ng5 e5 15.
Nxe4 Bf5 16. Rae1 Bxe4 17. Rxe4 Nf7 18. h4 Qd7 19. Kh2 Nh6 20. Bh3 Nf5 21. f4
exf4 22. Rexf4 Rae8 23. Qf2 Re5 24. Qxa7 b6 25. g4 Re2+ 26. Bg2 Rxg2+ 27. Kxg2
Ne3+ 28. Kg1 Nxf1 29. Rxf8+ Kxf8 30. Qb8+ Kg7 31. Kxf1 Qf7+ 32. Ke2 Qe7+ 33. Kd3
Qf7 34. Kc3 Kf6 35. Qh8+ Ke7 36. Qc8 Kf6 37. Kb4 Ke5 38. Kb5 Qf2 39. Qe6+ Kd4
40. Kc6 Qxa2 41. Kxc7 Qxb3 42. Kxd6 Qxc4 43. Qe5+ Kd3 44. Ke7 Qc5+ 45. Qd6 Qd4
46. Qe6 Qg7+ 47. Kd8 Qh6 48. d6 Qxh4+ 49. Ke8 h5 50. d7 b5 51. d8=Q+ Qxd8+ 52.
Kxd8 h4 53. Qxg6+ 1-0

[Event "Indywidualne Mistrzostwa Polski do lat 20"]
[Site "Pokrzywna"]
[Date "1899-12-30"]
[Round "9.23"]
[White "Karolczuk, Iwo"]
[Black "Kozlowski, Pawel"]
[Result "0-1"]
[WhiteTitle "k"]
[BlackTitle "I++"]
[WhiteElo "2065"]
[BlackElo "1924"]

1. d4 Nf6 2. c4 g6 3. Nc3 Bg7 4. e4 d6 5. Be2 O-O 6. Bg5 Nc6 7. Nf3 h6 8. Be3 e5
9. h3 Nd7 10. dxe5 Ndxe5 11. Nxe5 Nxe5 12. Qd2 Kh7 13. O-O Nc6 14. f4 f5 15. exf5
Bxf5 16. g4 Bd7 17. Bd3 Qh4 18. Rf3 Ne5 19. Raf1 Nxf3+ 20. Rxf3 Bc6 21. Nd5 Bxd5
22. cxd5 Qf6 23. Rf2 Rae8 24. f5 Qe5 25. Bf4 Qe1+ 26. Kg2 Qxd2 27. Rxd2 Kg8 28.
Kf3 g5 29. Be3 Re7 30. Bf2 Be5 31. Rc2 a6 32. b4 Kg7 33. a4 Rh8 34. Be3 Kf6 35.
Rg2 Bc3 36. Rc2 Be5 37. Rg2 Rhe8 38. Rc2 Kf7 39. b5 axb5 40. Bxb5 Rh8 41. Rg2
Kf6 42. h4 Rc8 43. Rg1 Rh7 44. Rh1 Rhh8 45. Bd7 Rcd8 46. Be6 c5 47. dxc6 bxc6
48. a5 Ra8 49. a6 gxh4 50. Rb1 Rhb8 51. Rxb8 Rxb8 52. Bxh6 h3 53. g5+ Ke7 54.
a7 Ra8 55. g6 h2 56. Kg2 Rxa7 57. g7 d5 58. Bg5+ Kd6 0-1

[Event "Indywidualne Mistrzostwa Polski do lat 20"]
[Site "Pokrzywna"]
[Date "1899-12-30"]
[Round "9.24"]
[White "Jedrusik, Adam"]
[Black "Szczurek, Krzysztof"]
[Result "1/2-1/2"]
[WhiteTitle "I"]
[BlackTitle "FM"]
[WhiteElo "1891"]
[BlackElo "2031"]

1. d4 Nf6 2. Bg5 Ne4 3. Bf4 d5 4. e3 e6 5. Nd2 Nxd2 6. Qxd2 Bd6 7. Bg3 O-O 8. Bd3
b6 9. Qe2 c5 10. c3 Nc6 11. Nf3 h6 12. O-O Bb7 13. Ne5 Qc7 14. f4 f5 15. Bh4 c4
16. Bc2 Nxe5 17. fxe5 Be7 18. Bxe7 Qxe7 19. Kh1 Qg5 20. Rf4 g6 21. g4 Kh7 22.
gxf5 gxf5 23. Rg1 Qe7 24. Qh5 Rg8 25. Rfg4 Rxg4 26. Rxg4 Rg8 27. Rxg8 Kxg8 28.
Qxh6 b5 29. Bd1 Bc6 30. Bh5 Be8 31. Bg6 a5 32. a3 a4 33. Kg2 Bxg6 34. Qxg6+ Qg7
35. Qxg7+ Kxg7 1/2-1/2

[Event "Indywidualne Mistrzostwa Polski do lat 20"]
[Site "Pokrzywna"]
[Date "1899-12-30"]
[Round "9.25"]
[White "Kocierz, Pawel"]
[Black "Panek, Bartosz"]
[Result "0-1"]
[WhiteTitle "II"]
[BlackTitle "I+"]
[WhiteElo "1701"]
[BlackElo "1981"]

1. Nf3 Nf6 2. g3 g6 3. Bg2 Bg7 4. O-O O-O 5. d4 d5 6. c3 b6 7. Re1 Bb7 8. Bf4 Nbd7
9. Nbd2 Nh5 10. Ne5 Nxf4 11. gxf4 Nf6 12. e4 dxe4 13. Nxe4 Nxe4 14. Bxe4 Bxe4
15. Rxe4 Qd5 16. Qe2 e6 17. c4 Qd6 18. Rd1 c6 19. b4 Rad8 20. b5 cxb5 21. cxb5
Rc8 22. Nc6 a6 23. a4 axb5 24. axb5 Kh8 25. Qa2 Rfe8 26. Qb3 Ra8 27. d5 exd5 28.
Rxd5 Qf6 29. Rde5 Rf8 30. Re7 Qf5 31. Ne5 Ra1+ 0-1

[Event "Indywidualne Mistrzostwa Polski do lat 20"]
[Site "Pokrzywna"]
[Date "1899-12-30"]
[Round "9.27"]
[White "Bojczewski, Mateusz"]
[Black "Zimny, Jakub"]
[Result "1-0"]
[WhiteTitle "I+"]
[BlackTitle "II+"]
[WhiteElo "1960"]
[BlackElo "1569"]

1. e4 c5 2. Nf3 e6 3. d4 cxd4 4. Nxd4 Nc6 5. Nc3 Nf6 6. Ndb5 Bb4 7. a3 Bxc3+ 8.
Nxc3 d5 9. exd5 exd5 10. Bd3 O-O 11. O-O d4 12. Ne2 Bg4 13. f3 Bh5 14. Bg5 Qd6
15. Qe1 Bg6 16. Rd1 Nd7 17. Qf2 Bxd3 18. Rxd3 Nc5 19. Rd2 Qg6 20. Bh4 Ne6 21.
Rfd1 Qf5 22. Qf1 g5 23. Bf2 Rad8 24. Ng3 Qe5 25. Qe2 Qa5 26. Qe4 Rd5 27. b4 Qd8
28. Nf5 Re8 29. c4 Re5 30. Qb1 Nf4 31. b5 Ne2+ 32. Rxe2 Rxe2 33. bxc6 Qb8 34.
Nxd4 R2e7 35. Bg3 1-0

[Event "Indywidualne Mistrzostwa Polski do lat 20"]
[Site "Pokrzywna"]
[Date "1899-12-30"]
[Round "9.28"]
[White "Haliniak, Wojciech"]
[Black "Kazmierowski, Tymon"]
[Result "1-0"]
[WhiteTitle "I"]
[BlackTitle "I+"]
[WhiteElo "1764"]
[BlackElo "1996"]

1. e4 c5 2. Nc3 Nc6 3. f4 e6 4. Nf3 d5 5. Bb5 Nge7 6. O-O a6 7. Bxc6+ Nxc6 8. d3
Be7 9. Ne5 O-O 10. Qh5 Nd4 11. Ng4 Nxc2 12. Rf3 g6 13. Qh6 f6 14. Rg3 Nxa1 15.
f5 exf5 16. Ne5 fxe5 17. Rxg6+ Kf7 18. Rg7+ Ke8 19. Qh5+ Kd7 20. Nxd5 Kd6 21.
Rxe7 Be6 22. Bg5 Qa5 23. b4 cxb4 24. Qh6 Qc5+ 25. Kh1 Qc8 26. Nb6 Qc2 27. Qxe6+
Kc5 28. Be3+ Kb5 1-0

[Event "Indywidualne Mistrzostwa Polski do lat 20"]
[Site "Pokrzywna"]
[Date "1899-12-30"]
[Round "9.29"]
[White "Klim, Juliusz"]
[Black "Budzisz, Adrian"]
[Result "0-1"]
[WhiteTitle "II"]
[BlackTitle "I+"]
[WhiteElo "1292"]
[BlackElo "1955"]

1. e4 d6 2. d4 Nf6 3. Nc3 Nbd7 4. Nf3 e5 5. dxe5 dxe5 6. Bc4 Bb4 7. Bd2 c6 8. O-O
O-O 9. a3 Bc5 10. Bg5 h6 11. Bh4 Qc7 12. Qd2 a5 13. Rfe1 Re8 14. Bg3 Nh5 15. Ne2
Qb6 16. Nh4 Ndf6 17. Nc3 a4 18. Kh1 Ng4 19. h3 Nxf2+ 20. Bxf2 Bxf2 21. Rf1 Qd4
22. Qxd4 Ng3+ 23. Kh2 Nxf1+ 24. Rxf1 exd4 25. Rxf2 Be6 26. Bxe6 Rxe6 27. Ne2 Rxe4
28. Nf5 c5 29. Nd6 Re7 30. Ng3 g6 31. Nge4 Rd8 32. g4 Kg7 33. Rf4 h5 34. gxh5
f5 35. hxg6 Rxe4 36. Nxf5+ Kf6 37. Rxe4 Kxf5 38. Rg4 Kf6 39. g7 Kf7 40. Kg3 Kg8
41. h4 Rd5 42. Kf4 b5 43. Rg5 Rxg5 44. hxg5 c4 45. Ke4 b4 46. c3 dxc3 47. bxc3
bxa3 0-1

[Event "Indywidualne Mistrzostwa Polski do lat 20"]
[Site "Pokrzywna"]
[Date "1899-12-30"]
[Round "9.30"]
[White "Stachecki, Mikolaj"]
[Black "Liskiewicz, Jakub"]
[Result "1/2-1/2"]
[WhiteTitle "I+"]
[BlackTitle "I"]
[WhiteElo "1822"]
[BlackElo "1504"]

1. e4 Nf6 2. e5 Nd5 3. d4 d6 4. c4 Nb6 5. exd6 cxd6 6. Nc3 g6 7. Be3 Bg7 8. Bd3
Nc6 9. Nge2 O-O 10. Qd2 d5 11. c5 Nc4 12. Bxc4 dxc4 13. b3 cxb3 14. axb3 Nb4 15.
O-O Be6 16. Nf4 Bd5 17. Ra4 a5 18. Rxb4 axb4 19. Ncxd5 g5 20. Nxe7+ Qxe7 21. Nd5
Qe4 22. Nxb4 Ra3 23. f3 Qf5 24. g4 Qd7 25. Qd3 Re8 26. d5 h6 27. d6 Bf6 28. Nd5
Bd8 29. Bc1 Ra2 30. Nc3 Ra1 31. Qd4 Re6 32. Ne4 Ra2 33. Bb2 f6 34. Rf2 Kg7 35.
f4 Rxe4 36. Qxe4 Qxg4+ 37. Qg2 Qd1+ 38. Rf1 Qxb3 39. fxg5 Qxb2 40. gxf6+ Kf7 41.
Qg7+ Ke6 42. Qg8+ Kd7 43. Qxa2 Qxa2 44. f7 Qd5 45. f8=Q Qxc5+ 1/2-1/2

[Event "Indywidualne Mistrzostwa Polski do lat 20"]
[Site "Pokrzywna"]
[Date "1899-12-30"]
[Round "9.31"]
[White "Wasik, Mateusz"]
[Black "Jaworski, Tymon"]
[Result "1-0"]
[WhiteTitle "I"]
[BlackTitle "I"]
[WhiteElo "1765"]
[BlackElo "1510"]

1. e4 e6 2. d4 d5 3. e5 c5 4. c3 Nc6 5. Nf3 Qb6 6. Na3 cxd4 7. cxd4 Bb4+ 8. Bd2
Bxa3 9. bxa3 Nxd4 10. Qa4+ Nc6 11. Bd3 Nge7 12. O-O O-O 13. Qh4 Ng6 14. Qh5 Nce7
15. Rab1 Qd8 16. Ng5 h6 17. Nf3 Qe8 18. Bxh6 Nf5 19. Bd2 f6 20. exf6 gxf6 21.
g4 Ne5 22. Qh3 Nxd3 23. gxf5 exf5 24. Kh1 Qe4 25. Rg1+ Kf7 26. Qh7+ Ke6 27. Rge1
Nxe1 28. Rxe1 Rf7 29. Rxe4+ dxe4 30. Nd4+ Ke7 31. Bb4+ Ke8 32. Qg8+ Rf8 33. Qxf8+
Kd7 34. Qe7# 1-0

[Event "Indywidualne Mistrzostwa Polski do lat 20"]
[Site "Pokrzywna"]
[Date "1899-12-30"]
[Round "9.32"]
[White "Karut, Kacper"]
[Black "Bochenek, Ryszard"]
[Result "1-0"]
[WhiteTitle "I"]
[BlackTitle "II"]
[WhiteElo "1607"]
[BlackElo "1445"]

1. e4 c5 2. Nf3 Nc6 3. d4 cxd4 4. Nxd4 e5 5. Nb5 d6 6. c4 Be7 7. N1c3 a6 8. Na3
Nf6 9. Be2 O-O 10. O-O Be6 11. Nc2 Ne8 12. Ne3 Bg5 13. b3 Nd4 14. Nc2 Bxc1 15.
Rxc1 Nxe2+ 16. Qxe2 f5 17. exf5 Bxf5 18. Ne3 Be6 19. Ncd5 Qg5 20. Rcd1 Rd8 21.
Rd3 Nf6 22. Nxf6+ Rxf6 23. Nd5 Rh6 24. Rg3 Qh4 25. h3 Bxd5 26. cxd5 Qd4 27. Rd1
Qc5 28. Qd2 Rc8 29. Qxh6 Rc7 30. Qe6+ 1-0

[Event "Indywidualne Mistrzostwa Polski do lat 20"]
[Site "Pokrzywna"]
[Date "1899-12-30"]
[Round "9.33"]
[White "Ochedzan, Filip"]
[Black "Dalkowski, Rafal"]
[Result "0-1"]
[WhiteTitle "II"]
[BlackTitle "I"]
[WhiteElo "1617"]
[BlackElo "1871"]

1. e4 c6 2. d4 d5 3. Nc3 dxe4 4. Nxe4 Bf5 5. Ng3 Bg6 6. Nh3 e5 7. dxe5 Qa5+ 8.
c3 Qxe5+ 9. Be2 Nd7 10. Bf4 Qc5 11. Be3 Qa5 12. O-O Ngf6 13. Nf4 Qc7 14. Re1 Bd6
15. Qd2 O-O 16. Nxg6 hxg6 17. Rad1 Nd5 18. a3 Bxg3 19. hxg3 N7f6 20. Bd4 Rad8
21. Qc2 c5 22. Bxf6 Nxf6 23. Bc4 Rxd1 24. Rxd1 Qc6 25. Qxg6 b5 26. Ba2 c4 27.
Qf5 Re8 28. Bb1 g6 29. Qf4 Qe6 30. Rd4 Qe1+ 31. Kh2 Nh5 32. Qf3 Qxb1 33. g4 Ng7
34. Rd7 Rf8 35. Rd2 Qe1 36. Rd1 Qe5+ 37. g3 a6 38. Rh1 Ne6 39. Qg2 Rd8 40. Qh3
Ng5 41. Qh6 Rd2 42. Kg2 Qe4+ 43. Kh2 Rxf2+ 44. Kg1 Qg2# 0-1